自治体名に一回しか使われていない漢字からどこか当てるクイズ。 - Statistics

General Stats
  • This quiz has been taken 89 times
  • The average score is 165 of 312
Answer Stats
Hint Answer % Correct
呉市
89%
堺市
89%
嬉野市
89%
廿 廿日市市
89%
尼崎市
87%
摂津市
87%
寝屋川市
85%
帯広市
85%
敦賀市
85%
弘前市
85%
枕崎市
85%
栃木市
85%
各務原市
84%
奄美市
84%
嬬恋村
84%
沖縄市
84%
千歳市
84%
桐生市
84%
北斗市
82%
橿 橿原市
82%
燕市
82%
君津市
80%
墨田区
80%
対馬市
80%
射水市
80%
枚方市
80%
相模原市
80%
犬山市
80%
ニセコ町
79%
交野市
79%
各務原市
79%
匝瑳市
79%
占冠村
79%
只見町
79%
淡路市
79%
長瀞町
79%
熱海市
79%
ニセコ町
77%
亘理町
77%
唐津市
77%
三次市
77%
様似町
77%
南アルプス市
75%
ニセコ町
75%
南アルプス市
75%
南アルプス市
75%
美唄市
75%
太宰府市
75%
安曇野市
75%
南アルプス市
74%
宗像市
74%
壱岐市
74%
久慈市
74%
我孫子市
74%
指宿市
74%
盛岡市
74%
沖縄市
74%
習志野市
74%
我孫子市
72%
最上町
72%
弟子屈町
72%
播磨町
72%
小樽市
72%
四條畷市
72%
紋別市
72%
双葉町
70%
夕張市
70%
三好市
70%
嵐山町
70%
斜里町
70%
桶川市
70%
高槻市
70%
焼津市
70%
余市町
69%
共和町
69%
羽咋市
69%
嬬恋村
69%
京極町
69%
宍粟市
67%
狛江市
67%
匝瑳市
67%
礼文町
67%
稚内市
67%
笛吹市
67%
練馬区
67%
八丈町
66%
姶良市
66%
揖斐川町
66%
高梁市
66%
大樹町
66%
美瑛町
66%
天童市
66%
基山町
64%
壬生町
64%
弟子屈町
64%
鹿嶋市
64%
斑鳩町
64%
羽曳野市
64%
新得町
64%
那須烏山市
64%
美祢市
64%
箱根町
64%
胎内市
64%
倶知安町
62%
幕別町
62%
忍野村
62%
南房総市
62%
猿払村
62%
塙町
61%
洞爺湖町
61%
蕨市
61%
那覇市
61%
音威子府村
59%
扶桑町
59%
北杜市
59%
楢葉町
59%
宜野湾市
59%
碧南市
59%
大空町
59%
様似町
57%
増毛町
57%
矢巾町
57%
東彼杵町
57%
恩納村
57%
新発田市
57%
白糠町
57%
舞鶴市
57%
志免町
56%
神埼市
56%
妙高市
56%
猿払村
56%
青梅市
56%
壮瞥町
56%
信濃町
54%
東員町
54%
妹背牛町
54%
今帰仁村
54%
普代村
54%
忠岡町
54%
柴田町
54%
男鹿市
54%
大磯町
54%
結城市
54%
銚子市
54%
人吉市
52%
美作市
52%
初山別村
52%
御坊市
52%
壮瞥町
52%
曽於市
52%
大槌町
52%
玄海町
52%
球磨村
52%
塩竈市
52%
諫早市
52%
逗子市
52%
小値賀町
51%
外ヶ浜町
51%
御杖村
51%
糸満市
51%
坂祝町
51%
粕屋町
51%
肝付町
51%
芽室町
51%
留萌市
51%
大刀洗町
49%
剣淵町
49%
売木村
49%
磐梯町
49%
矢祭町
49%
秦野市
49%
穴水町
49%
苅田町
49%
菰野町
49%
裾野市
49%
飛騨市
49%
乙部町
48%
安堵町
48%
千曲市
48%
洞爺湖町
48%
椎葉村
48%
玖珠町
48%
山県市
48%
伯耆町
48%
西脇市
48%
苓北町
48%
袖ケ浦市
48%
名護市
48%
釜石市
48%
鯖江市
48%
杉並区
46%
江差町
46%
涌谷町
46%
梼(檮) 檮原町
46%
曽爾村
46%
積丹町
46%
精華町
46%
薩摩川内市
46%
身延町
46%
雫石町
46%
静岡市
46%
御嵩町
44%
皆野町
44%
設楽町
44%
読谷村
44%
調 調布市
44%
鉾田市
44%
東吾妻町
43%
時津町
43%
日之影町
43%
睦沢町
43%
妹背牛町
43%
袋井市
43%
観音寺市
43%
宇陀市
43%
松伏町
41%
蓬田村
41%
蓮田市
41%
辰野町
41%
鈴鹿市
41%
霧島市
41%
美咲町
39%
泰阜村
39%
和束町
39%
榛東村
39%
内灘町
39%
産山村
39%
高畠町
39%
砥部町
39%
麻績村
39%
大衡村
39%
訓子府町
39%
網走市
39%
鋸南町
39%
韮崎市
39%
伊是名村
38%
宇検村
38%
田舎館村
38%
標茶町
38%
精華町
38%
蟹江町
38%
与論町
38%
大鰐町
38%
鴻巣市
38%
みやこ町
36%
大任町
36%
剣淵町
36%
平群町
36%
西之表市
36%
与謝野町
36%
雨竜町
36%
鰺ヶ沢町
36%
知夫村
34%
喜界町
34%
立科町
34%
聖籠町
34%
日進市
34%
見附市
34%
鴨川市
34%
にかほ市
33%
山元町
33%
甘楽町
33%
田野畑村
33%
総社市
33%
木祖村
33%
蒲郡市
33%
藍住町
33%
遊佐町
33%
喬木村
31%
佐用町
31%
聖籠町
31%
三股町
31%
小菅村
31%
高鍋町
31%
階上町
31%
隠岐の島町
31%
ときがわ町
30%
さぬき市
30%
うきは市
30%
まんのう町
30%
豊丘村
30%
桑折町
30%
猪苗代町
30%
えびの市
28%
飯綱町
28%
色麻町
28%
南大隅町
28%
鮭川村
28%
新ひだか町
26%
えりも町
26%
八百津町
26%
八郎潟町
26%
豊頃町
26%
葛飾区
26%
都農町
25%
鹿追町
25%
広陵町
25%
鞍手町
25%
肝付町
23%
片品村
23%
飯舘村
23%
みどり市
21%
鬼北町
21%
鮫川村
21%
ふじみ野市
20%
尾鷲市
18%
開成町
16%
箕面市
16%
奈義町
15%
野迫川村
15%
永平寺町
15%
佐世保市
13%
No matching quizzes found
Score Distribution
Percent of People with Each Score
Percentile by Number Answered
Your Score History
You have not taken this quiz